000 01706nas a2200277Ia 4500
001 R248-R3445
003 IT-CnALBA
008 170116c99999999xx |||||||||||| ||und||
040 _aIT-CnALBA
_cIT-CnALBA
041 _aITALIANO
100 _aGIOVANNI PAOLO II, PAPA KAROL WOJTYLA
210 _aRIVISTA DI ASCETICA E MISTICA
222 _aRIVISTA DI ASCETICA E MISTICA
245 0 _aRIVISTA DI ASCETICA E MISTICA. N. III. ANNO XIII. LUGLIO SETTEMBRE 1988.
250 _a1a ed.
260 _a FIRENZE
_bCONVENTO SAN MARCO
_c1988
300 _a144 p.
310 _aTRIMESTRALE
362 _aFascicolo: 3 / Anno: 13 (1988)
500 _aLAICI NELLA CHIESA. ROCCHETTA C. CERI S. DRIGANI A. URRU A. D'URSO G. MONGILLO D. TESTAMENTO SPIRITUALE DI CHAMPAGNAT MARCELLINO BEATO, NASCIMBENI GIUSEPPE BEATO. VOCAZIONE DEL LAICO. LAICI NEL MONDO. LAICI E COMPITO DELLA SALVEZZA. PARTECIPAZIONE DEI LAICI ALLA SANTIFICAZIONE DELLA CHIESA. LAICI E ORDINAMENTO GIUDIDICO DELLA CHIESA, POPOLO CELEBRANTE. TEOLOGIA DEL LAICATO. LAICI E LAICITÀ TRA ANTICO E NUOVO TESTAMENTO.
501 _aSocietà San Paolo EM - Piazza San Paolo, 14 - 12051 ALBA (CN) (non commercial uses only) ® Copyright 2017
520 _aLAICI NELLA CHIESA. ROCCHETTA C. CERI S. DRIGANI A. URRU A. D'URSO G. MONGILLO D. TESTAMENTO SPIRITUALE DI CHAMPAGNAT MARCELLINO BEATO, NASCIMBENI GIUSEPPE BEATO. VOCAZIONE DEL LAICO. LAICI NEL MONDO. LAICI E COMPITO DELLA SALVEZZA. PARTECIPAZIONE DEI LAICI ALLA SANTIFICAZIONE DELLA CHIESA. LAICI E ORDINAMENTO GIUDIDICO DELLA CHIESA, POPOLO CELEBRANTE. TEOLOGIA DEL LAICATO. LAICI E LAICITÀ TRA ANTICO E NUOVO TESTAMENTO.
650 _aASCETICA E MISTICA
942 _cCR
957 _71
999 _a13490
_bNO
_g1
_c321544
_d321544